| 000 | 00381nam a2200145Ia 4500 | ||
|---|---|---|---|
| 008 | 151213s9999 xx 000 0 und d | ||
| 100 | _aArmstrong, | ||
| 245 |
_aGeography _bThe world and its people _cArmstrong, |
||
| 260 |
_aNew York _bMcGraw hill/ Glencoe _c2000 |
||
| 300 | _a1787 p. | ||
| 650 | _aReference | ||
| 650 | _aTravel Geography | ||
| 700 | _aArmstrong, | ||
| 999 |
_c1313 _d1313 |
||